UBT Library

Physical chemistry (Record no. 40152)

000 -LEADER
fixed length control field 00543nam a2200217 4500
001 - CONTROL NUMBER
control field 4072996
005 - DATE AND TIME OF LATEST TRANSACTION
control field 20180111093018.0
008 - FIXED-LENGTH DATA ELEMENTS--GENERAL INFORMATION
fixed length control field 720228s1972 njua b 001 0 eng
010 ## - LIBRARY OF CONGRESS CONTROL NUMBER
LC control number 70156983
020 ## - INTERNATIONAL STANDARD BOOK NUMBER
International Standard Book Number 0136659683
040 ## - CATALOGING SOURCE
Original cataloging agency DLC
Transcribing agency DLC
Modifying agency DLC
041 ## - LANGUAGE CODE
Language code of text/sound track or separate title eng
080 ## - UNIVERSAL DECIMAL CLASSIFICATION NUMBER
Universal Decimal Classification number 541.3
082 00 - DEWEY DECIMAL CLASSIFICATION NUMBER
Classification number 541.3 MOO
100 1# - Rafti
Rafti 12
101 ## - Shkurtesa
Shkurtesa KIM
245 00 - TITLE STATEMENT
Title Physical chemistry
Statement of responsibility, etc [by] Walter J. Moore.
504 ## - BIBLIOGRAPHY, ETC. NOTE
Bibliography, etc Includes bibliographical references.
906 ## - LOCAL DATA ELEMENT F, LDF (RLIN)
a 7
b cbc
c orignew
d 2
e ncip
f 19
g y-gencatlg
942 ## - ADDED ENTRY ELEMENTS (KOHA)
Source of classification or shelving scheme
Item type Books
Holdings
Withdrawn status Lost status Source of classification or shelving scheme Damaged status Not for loan Collection code Permanent location Current location Shelving location Date acquired Total Checkouts Full call number Barcode Date last seen Price effective from Koha item type
          Koleksioni i përgjithshem UBT - Lipjan UBT - Lipjan Koleksioni i përgjithshem 01/11/2018   541.3 MOO 002-2995294 01/11/2018 01/11/2018 Books
UBT Library © 2015-2024. All rights reserved University Education for Business and Technology